| 000 | 00427nam a22001457a 4500 | ||
|---|---|---|---|
| 020 | _qPB. | ||
| 040 | _cFIZZA ISHAQ | ||
| 082 |
_a355.0218 _bHAM |
||
| 100 |
_aHammes, Thomas X. _9133850 |
||
| 245 |
_aThe sling and the stone : on war in the 21st century / _c Thomas X Hammes. |
||
| 250 | _aRevised. | ||
| 260 |
_aNew York: _b Zenith Press, _c2013. |
||
| 300 |
_axiv, 321 pages. ; _c5.51 x 1.57 x 7.87 inches |
||
| 942 |
_2ddc _cBK |
||
| 999 |
_c616831 _d616831 |
||